verschiedenen Larventypen der Echinodermata - Statistiken

Allgemein
  • Dieses Quiz wurde 39 mal gespielt
  • Das Durchschnittsergebnis liegt bei 2 aus 7
Antwortstatistiken
Bildquiz Antwort % Korrekt
1. Dipleurula
100%
2. Doliolaria (Crinoidea)
60%
3. Echinopluteus (Echinoidea)
40%
4. Ophiopluteus (Ophiuroidea)
20%
6. Brachiolaria (Asteroidea)
20%
5. Bipinnaria (Asteroidea)
0%
7. Auricularia (Holothuroidea)
0%
Keine übereinstimmenden Quizze gefunden
Verteilung der Resultate
Anzahl Personen mit jedem Resultat
Perzentil nach korrekt beantworteten Fragen
Ihre Resultats-Entwicklung
Sie haben dieses Quiz noch nicht gespielt